Диагностика неисправностей автомобиля (Запись № 1296345)

Подробности
000 -МАРКЕР
контрольное поле 01795nam0a2200373 4500
001 - ИДЕНТИФИКАТОР ЗАПИСИ
контрольное поле RU\NLR\bibl\831344
005 - ИДЕНТИФИКАТОР ВЕРСИИ
контрольное поле 20250614141723.0
010 ## - МЕЖДУНАРОДНЫЙ СТАНДАРТНЫЙ НОМЕР КНИГИ (ISBN)
Номер (ISBN) 5-9206-0209-0
Уточнения ТИД Континент-Пресс
010 ## - МЕЖДУНАРОДНЫЙ СТАНДАРТНЫЙ НОМЕР КНИГИ (ISBN)
Номер (ISBN) 5-7905-2711-6
Уточнения РИПОЛ КЛАССИК
Тираж 7000
021 ## - НОМЕР ГОСУДАРСТВЕННОЙ РЕГИСТРАЦИИ
Код страны Российская Федерация
Номер 2005-31012
Номер Листа государственной регистраци 1553
035 ## - ДРУГИЕ СИСТЕМНЫЕ НОМЕРА
Идентификатор записи RSL-KNO-002464618
035 ## - ДРУГИЕ СИСТЕМНЫЕ НОМЕРА
Идентификатор записи (NLR Aleph) 000820213
100 ## - ДАННЫЕ ОБЩЕЙ ОБРАБОТКИ
Данные общей обработки 20050816d2005 |||y0rusy50 ca
101 0# - ЯЗЫК РЕСУРСА
Язык текста, звукозаписи и т.д. русский
102 ## - СТРАНА ПУБЛИКАЦИИ ИЛИ ПРОИЗВОДСТВА
Страна публикации Российская Федерация
105 ## - ПОЛЕ КОДИРОВАННЫХ ДАННЫХ: ТЕКСТОВЫЕ МАТЕРИАЛЫ, МОНОГРАФИЧЕСКИЕ
Кодированные данные о монографическом текстовом документе a |||||||||
106 ## - ПОЛЕ КОДИРОВАННЫХ ДАННЫХ: ТЕКСТОВЫЕ РЕСУРСЫ – ФОРМА
Форма ресурса: кодированные данные: обозначение носителя r
200 1# - ЗАГЛАВИЕ И СВЕДЕНИЯ ОБ ОТВЕТСТВЕННОСТИ
Основное заглавие Диагностика неисправностей автомобиля
Сведения, относящиеся к заглавию 600 практических советов
Первые сведения об ответственности Андрей Дынько
210 ## - ПУБЛИКАЦИЯ, РАСПРОСТРАНЕНИЕ И ДР.
Место издания, распространения и т.д. Москва
Имя издателя, распространителя и т. д. ТИД Континент-Пресс
-- РИПОЛ КЛАССИК
Дата издания, распространения и т.д. 2005
215 ## - ФИЗИЧЕСКАЯ ХАРАКТЕРИСТИКА
Специфическое обозначение материала и объем 382, [1] с.
Другие сведения о физической характеристике ил.
Размеры 21
225 1# - СЕРИЯ
Основное заглавие серии Мой автомобиль
300 ## - ОБЩИЕ ПРИМЕЧАНИЯ
Текст примечания Загл. обл.: Диагностика неисправностей легкового автомобиля
606 0# - НАИМЕНОВАНИЕ ТЕМЫ КАК ПРЕДМЕТ
Наименование темы Легковые автомобили
Тематический подзаголовок Техническая диагностика
Системный номер авторитетной/нормативной записи 2187394
Идентификатор авторитетной/нормативной записи RU\NLR\auth\661315088
610 0# - НЕКОНТРОЛИРУЕМЫЕ ПРЕДМЕТНЫЕ ТЕРМИНЫ
Предметный термин Транспорт -- Автодорожный транспорт -- Автомобили -- Легковые автомобили -- Осмотр и контроль технического состояния. Техническая диагностика -- Справочник
686 ## - ИНДЕКСЫ ДРУГИХ КЛАССИФИКАЦИЙ
Индекс О335.52-082.051я22
Код системы
686 ## - ИНДЕКСЫ ДРУГИХ КЛАССИФИКАЦИЙ
Индекс О335.52-082.051
700 #1 - ИМЯ ЛИЦА - ПЕРВИЧНАЯ ОТВЕТСТВЕННОСТЬ
Начальный элемент ввода Дынько
Часть имени, кроме начального элемента ввода А. В.
Расширение инициалов личного имени Андрей В.
Код отношения Автор
801 #0 - ИСТОЧНИК ЗАПИСИ
Страна Российская Федерация
Организация RuMoRKP
Дата составления 20040830
Правила каталогизации rcr
801 #1 - ИСТОЧНИК ЗАПИСИ
Страна Российская Федерация
Организация RuMoRGB
Дата составления 20040830
801 #2 - ИСТОЧНИК ЗАПИСИ
Страна Российская Федерация
Организация NLR
Дата составления 20050303
Правила каталогизации PSBO
942 ## - ДОПОЛНИТЕЛЬНЫЕ ЭЛЕМЕНТЫ ЗАПИСИ (АБИС)
Тип экземпляра АБИС Книга
980 ## - КОЛЛЕКЦИЯ
Название коллекции Национальная библиография
Экземпляры
Тип экземпляра Дата поступления Источник поступления Библиотека постоянного хранения Библиотека текущего хранения Место хранения Шифр хранения Штрих-код Статус экземпляра
Книга 16.08.2005 Обязательный экземпляр РНБ (Московский) РНБ (Московский) Русский книжный фонд: издания с 1957 года 2005-3/21293 1-1488298  
Книга 16.08.2005 Обязательный экземпляр РНБ (Московский) РНБ (Московский) Русский книжный фонд: издания с 1957 года 2005-3/21293 975689